Central Library OPAC University of Rajshahi

নৃবিজ্ঞানের দৃষ্টিতে সমকালীন বাংলাদেশ / (Record no. 38877)

MARC details
000 -LEADER
fixed length control field 01080nam a2200241 a 4500
001 - CONTROL NUMBER
control field 38877
003 - CONTROL NUMBER IDENTIFIER
rucl marc code BD-RjUL
005 - DATE AND TIME OF LATEST TRANSACTION
control field 20211209052857.0
008 - FIXED-LENGTH DATA ELEMENTS--GENERAL INFORMATION
fixed length control field 160424s2014 bg ||||e b||| 00| 0 ben d
020 ## - INTERNATIONAL STANDARD BOOK NUMBER
International Standard Book Number 978-984-33-6450-0
Terms of availability : Tk. 200.00
035 ## - SYSTEM CONTROL NUMBER
System control number (BD-RjUL) 38987
040 ## - CATALOGING SOURCE
Original cataloging agency BD-RjUL
Language of cataloging ben
Transcribing agency BD-RjUL
041 ## - LANGUAGE CODE
Language code of text/sound track or separate title ben
082 ## - DEWEY DECIMAL CLASSIFICATION NUMBER
Edition number 23
Classification number 301.095492
Author mark and year NRI 2014
245 00 - TITLE STATEMENT
Title নৃবিজ্ঞানের দৃষ্টিতে সমকালীন বাংলাদেশ /
Statement of responsibility, etc. জহির আহমেদ সম্পাদক
260 ## - PUBLICATION, DISTRIBUTION, ETC. (IMPRINT)
Place of publication, distribution, etc. ঢাকা :
Name of publisher, distributor, etc. সোসাইটি ফর এ্যানথ্রপলজিক্যাল রিসার্চ, বাংলাদেশ (সার্ব),
Date of publication, distribution, etc. ২০১৪
300 ## - PHYSICAL DESCRIPTION
Pagination xvii, ১৫৪ পৃ. ;
Size ২৩ সেমি.
504 ## - BIBLIOGRAPHY, ETC. NOTE
Bibliography, etc তথ্যপঞ্জি সংযুক্ত
650 ## - SUBJECT ADDED ENTRY--TOPICAL TERM
Topical term or geographic name as entry element নৃবিজ্ঞান
Geographic subdivision বাংলাদেশ
9 (RLIN) 119909
Topical term or geographic name as entry element Anthropology
Geographic subdivision Bangladesh
9 (RLIN) 119910
700 ## - ADDED ENTRY--PERSONAL NAME
Personal name আহমেদ, জহির, সম্পা.
942 ## - ADDED ENTRY ELEMENTS (KOHA)
Source of classification or shelving scheme Dewey Decimal Classification
Koha item type Books
Holdings
Lost status Source of classification or shelving scheme Damaged status Not for loan Collection code Permanent Location Current Location Shelving location Date acquired Source of acquisition Cost, normal purchase price Total Checkouts Full call number Date last seen Copy number Koha item type
  Dewey Decimal Classification   Not For Loan Non-fiction Central Library, University of Rajshahi Central Library, University of Rajshahi Reading Room 15/10/2014 Dhaka:society for Anthropological Research,Bangladesh. 200.00   B 301.095492 NRI 2014 19/03/2016 C-1 Books
  Dewey Decimal Classification     Non-fiction Central Library, University of Rajshahi Central Library, University of Rajshahi   15/10/2014 Dhaka:society for Anthropological Research,Bangladesh. 200.00   B 301.095492 NRI 2014 19/03/2016 C-3 Books
  Dewey Decimal Classification     Non-fiction Central Library, University of Rajshahi Central Library, University of Rajshahi   14/10/2015 Dhaka:society for Anthropological Research,Bangladesh. 200.00   B 301.095492 NRI 2014 19/03/2016 C-2 Books
  Dewey Decimal Classification     Non-fiction Central Library, University of Rajshahi Central Library, University of Rajshahi   05/07/1914 Authority, R.U.C.L 352.00   B 301.095492 NRI 2014 16/11/2016 C-4 Books